| 000 | 00992nam a2200313Ia 4500 | ||
|---|---|---|---|
| 003 | GCL | ||
| 005 | 20240530105444.0 | ||
| 008 | 140319s9999 xx 000 0 ara d | ||
| 040 |
_aGCL / _cGCL |
||
| 082 | 0 | 4 |
_a398.3 _bم ع |
| 100 | 1 | _aمحمد الجوهرى | |
| 245 | 1 | 0 |
_aعلم الفولكلور : دراسة المعتقدات الشعبية / _cمحمد الجوهرى . _nالجزء الثانى |
| 260 |
_a[S.N] : _bدار المعرفة الجامعية ، _c1988 |
||
| 300 | _a652 ص | ||
| 490 |
_aعلم الاجتماع المعاصر _v0 |
||
| 650 | 0 | 4 | _aالشياطين والجان |
| 650 | 0 | 4 | _aالسحر |
| 650 | 0 | 4 | _aالادب الشعبى |
| 650 | 0 | 4 | _aالتنجيم |
| 650 | 0 | 4 | _aالمهرجانات الشعبية |
| 650 | 0 | 4 | _aالعرافة |
| 650 | 0 | 4 | _aالدجل |
| 650 | 0 | 4 | _aالغيبيات |
| 650 | 0 | 4 | _aالاساطير |
| 650 | 0 | 4 | _aالفلكلور |
| 650 | 0 | 4 | _aالاحجبة |
| 650 | 0 | 4 | _aالتعاويذ |
| 942 |
_2ddc _cBK |
||
| 999 |
_c56210 _d56210 |
||